| 000 | 00484nam a22001697a 4500 | ||
|---|---|---|---|
| 005 | 20240108144758.0 | ||
| 008 | 220210b ||||| |||| 00| 0 eng d | ||
| 020 | _a978-93-87686-14-4 | ||
| 041 | _aeng | ||
| 082 |
_a615.19 _bGOK-N |
||
| 100 |
_aGOKHALE, S.B. YADAV Mrs. K.S BODAS AND WADEKAR R.R _98320 |
||
| 245 | _aNATURAL PRODUCTS:COMMERCE INDUSTRY AND REGULATION [SEM-VIII] | ||
| 260 |
_aPUNE _bNIRALI PRAKASHAN |
||
| 300 | _aR.4;p | ||
| 650 |
_aPHARMACY _xB.PHARMA |
||
| 942 | _cBK | ||
| 999 |
_c7919 _d7917 |
||